| 000 | 00559nam a22001697a 4500 | ||
|---|---|---|---|
| 003 | OSt | ||
| 005 | 20171010095446.0 | ||
| 008 | 120614t xxu||||| |||| 00| 0 eng d | ||
| 040 |
_aMMSU _cULS |
||
| 100 |
_aReantillo, Richard G. _910342 |
||
| 245 |
_aProduction of ethanol from sweet sorghum juice _cRichard G. Reantillo |
||
| 260 | _c2006 | ||
| 300 |
_aviii, 33 leaves _c28 cm. |
||
| 500 | _aThesis (BS Chemical Engineering) -- Mariano Marcos State University-College of Engineering, Batac City | ||
| 504 | _aBibliography: leaf 24 | ||
| 942 |
_2ddc _cTHEDIS |
||
| 999 |
_c9565 _d9565 |
||